Los estudiantes de Madrid (Record no. 129216)

MARC details
000 -LEADER
campo de control de longitud fija 00578nam a2200169 i 4500
001 - NÚMERO DE CONTROL
campo de control 129216
003 - IDENTIFICADOR DE NÚMERO DE CONTROL
campo de control ES-MaACL
005 - FECHA Y HORA DE LA ÚLTIMA TRANSACCIÓN
campo de control 20230906193447.0
007 - CAMPO FIJO DE DESCRIPCIÓN FÍSICA--INFORMACIÓN GENERAL
campo de control de longitud fija t|
008 - DATOS DE LONGITUD FIJA--INFORMACIÓN GENERAL
campo de control de longitud fija 070608s1954 sp ||||1| spa d
100 1# - ENTRADA PRINCIPAL--NOMBRE DE PERSONA
Nombre de persona Tena Artigas, Joaquín.
9 (RLIN) 109687
245 14 - MENCIÓN DEL TÍTULO
Título Los estudiantes de Madrid
Resto del título : sobrevisión por muestreo en la Universidad /
Mención de responsabilidad, etc. Joaquín Tena Artigas.
260 ## - PUBLICACIÓN, DISTRIBUCIÓN, ETC.
Lugar de publicación, distribución, etc. Madrid :
Nombre del editor, distribuidor, etc. [s.n.],
Fecha de publicación, distribución, etc. 1954 (
Fabricante Gráf. Diana)
300 ## - DESCRIPCIÓN FÍSICA
Extensión 54 p. ;
Dimensiones 31 cm.
500 ## - NOTA GENERAL
Materiales especificados Es tirada aparte de la Revista de Educación, Nos. 12 y 13 de 1953
852 ## - LOCALIZACIÓN
Ubicación ES-MaACL
Número de control de estantería C-31456
Sublocalización o colección R.70107
Holdings
Estatus retirado Estado de pérdida Estado de daño No para préstamo Biblioteca de origen Biblioteca actual Ubicación en estantería Fecha de adquisición Fuente de adquisición Total de préstamos Signatura topográfica completa Código de barras Visto por última vez Precio de reemplazo Tipo de ítem Koha
        Biblioteca del Ateneo de Madrid Biblioteca del Ateneo de Madrid Depósito 2 17/01/2008     C-31456 1134561 23/02/2023 23/02/2023 Libro impreso